MARC details
| 000 -LEADER |
| fixed length control field |
01815cam a22003734a 4500 |
| 001 - CONTROL NUMBER |
| control field |
14788761 |
| 003 - CONTROL NUMBER IDENTIFIER |
| control field |
GZU |
| 005 - DATE AND TIME OF LATEST TRANSACTION |
| control field |
20210527114054.0 |
| 008 - FIXED-LENGTH DATA ELEMENTS--GENERAL INFORMATION |
| fixed length control field |
070329s2007 enk 001 0 eng |
| 010 ## - LIBRARY OF CONGRESS CONTROL NUMBER |
| LC control number |
2007013296 |
| 015 ## - NATIONAL BIBLIOGRAPHY NUMBER |
| National bibliography number |
GBA704185 |
| Source |
bnb |
| 016 7# - NATIONAL BIBLIOGRAPHIC AGENCY CONTROL NUMBER |
| Record control number |
013645165 |
| Source |
Uk |
| 020 ## - INTERNATIONAL STANDARD BOOK NUMBER |
| International Standard Book Number |
9780199248858 (acidfree paper) |
| 020 ## - INTERNATIONAL STANDARD BOOK NUMBER |
| International Standard Book Number |
0199248850 (acidfree paper) |
| 035 ## - SYSTEM CONTROL NUMBER |
| System control number |
(OCoLC)ocn122291785 |
| 035 ## - SYSTEM CONTROL NUMBER |
| System control number |
(OCoLC)122291785 |
| 040 ## - CATALOGING SOURCE |
| Original cataloging agency |
DLC |
| Transcribing agency |
DLC |
| Modifying agency |
BAKER |
| -- |
BWKUK |
| -- |
UKM |
| -- |
YDXCP |
| -- |
BTCTA |
| -- |
DLC |
| 043 ## - GEOGRAPHIC AREA CODE |
| Geographic area code |
e-uk--- |
| 050 00 - LIBRARY OF CONGRESS CALL NUMBER |
| Classification number |
KD1949 |
| Item number |
.S74 2007 |
| 082 00 - DEWEY DECIMAL CLASSIFICATION NUMBER |
| Classification number |
346.4203 |
| Edition number |
22 |
| 100 1# - MAIN ENTRY--PERSONAL NAME |
| Personal name |
Steele, Jenny |
| Titles and words associated with a name |
(Law teacher) |
| 245 10 - TITLE STATEMENT |
| Title |
Tort law : |
| Remainder of title |
text, cases, and materials / |
| Statement of responsibility, etc. |
Jenny Steele. |
| 260 ## - PUBLICATION, DISTRIBUTION, ETC. |
| Place of publication, distribution, etc. |
Oxford ; |
| -- |
New York : |
| Name of publisher, distributor, etc. |
Oxford University Press, |
| Date of publication, distribution, etc. |
2007. |
| 300 ## - PHYSICAL DESCRIPTION |
| Extent |
xli, 933 p. ; |
| Dimensions |
25 cm. |
| 500 ## - GENERAL NOTE |
| General note |
Includes index. |
| 504 ## - BIBLIOGRAPHY, ETC. NOTE |
| Bibliography, etc. note |
Includes bibliographical references and index. |
| 505 0# - FORMATTED CONTENTS NOTE |
| Formatted contents note |
Torts of intention -- Essentials of negligence : establishing liability -- Particular causation problems -- Defences to negligence -- Duty of care : applications -- Limitation and contribution -- Damages, compensation, and responsibility -- Vicarious liability and non-delegable duties -- Nuisance -- Rylands v. Fletcher and strict liability -- Liability for dangerous premises -- Defamation -- Privacy -- Product liability -- Breach of statutory duty -- Trespass to land and goods, and conversion. |
| 650 #0 - SUBJECT ADDED ENTRY--TOPICAL TERM |
| Topical term or geographic name entry element |
Torts |
| Geographic subdivision |
England. |
| 655 #7 - INDEX TERM--GENRE/FORM |
| Genre/form data or focus term |
Casebooks (Law) |
| Source of term |
lcgft |
| 856 41 - ELECTRONIC LOCATION AND ACCESS |
| Materials specified |
Table of contents only |
| Uniform Resource Identifier |
<a href="http://www.loc.gov/catdir/toc/ecip0714/2007013296.html">http://www.loc.gov/catdir/toc/ecip0714/2007013296.html</a> |
| 906 ## - LOCAL DATA ELEMENT F, LDF (RLIN) |
| a |
7 |
| b |
cbc |
| c |
orignew |
| d |
1 |
| e |
ecip |
| f |
20 |
| g |
y-gencatlg |
| 942 ## - ADDED ENTRY ELEMENTS (KOHA) |
| Source of classification or shelving scheme |
Library of Congress Classification |
| Koha item type |
Books |
| Classification part |
1949 |
| Item part |
STE |
| Call number prefix |
KD |
| Call number suffix |
2007 |